000 00693nam a2200289Ia 4500
005 20260121124641.0
008 008 260114s9999 xx 000 0 eng d
020 _a9783111320427
037 _aEBOOK
040 _aCRL
040 _beng
040 _cCRL
041 _2eng
041 _aeng
084 _qCRL
100 _aBuzar, Stipe
_9979598
245 0 _aWar on Terror
260 _bWalter de Gruyter
260 _bWalter de Gruyter
260 _c2024
650 _aPolitical Science
_9979599
700 _a Caron, Jean-Francois
_9979600
856 _uhttp://www.degruyter.com/isbn/9783111320427
942 _cEBOOK
999 _c1556174
_d1556174